Η επίδραση του κλίματος και του εδάφους στην παραγωγικότητα του μαλακού και σκληρού σιταριού : μεταπτυχιακή διατριβή
Αποθηκεύτηκε σε:
| Κύριος συγγραφέας: | |
|---|---|
| Συγγραφή απο Οργανισμό/Αρχή: | |
| Άλλοι συγγραφείς: | , |
| Μορφή: | Thesis Βιβλίο |
| Γλώσσα: | Greek |
| Δημοσίευση: |
Μυτιλήνη :
Πανεπιστήμιο Αιγαίου, Τμήμα Περιβάλλοντος,
2004
|
| Θέματα: | |
| Διαθέσιμο Online: | http://hdl.handle.net/11610/15260 |
| Ετικέτες: |
Προσθήκη ετικέτας
Δεν υπάρχουν, Καταχωρήστε ετικέτα πρώτοι!
|
MARC
| LEADER | 00000cam a2200000 i 4500 | ||
|---|---|---|---|
| 001 | 1/83357 | ||
| 008 | 050809s2004 gre d | ||
| 035 | |l 10079751 | ||
| 040 | |a GR-MY-UA |b gre |e aacr | ||
| 041 | 0 | |a gre | |
| 082 | 0 | |a 631.4 |2 (22) | |
| 100 | 1 | |a Αντωνίου, Θεοδώρα. | |
| 245 | 1 | 2 | |a Η επίδραση του κλίματος και του εδάφους στην παραγωγικότητα του μαλακού και σκληρού σιταριού : |b μεταπτυχιακή διατριβή / |c Αντωνίου Θεοδώρα ; υπεύθυνοι καθηγητές Ν.Σ. Μάργαρης, Ε. Κουτσίδου |
| 260 | |a Μυτιλήνη : |b Πανεπιστήμιο Αιγαίου, Τμήμα Περιβάλλοντος, |c 2004 | ||
| 300 | |a 72 σ.; |b πι., διαγρ., χάρτης; |c 30 εκ. | ||
| 502 | |a Διατριβή (μεταπτυχιακή) – Πανεπιστήμιο Αιγαίου, Λέσβος, 2004. | ||
| 504 | |a Βιβλιογραφία: 62-63 | ||
| 650 | 0 | 0 | |a Plant-soil relationships. |
| 650 | 0 | 0 | |a Crops and soils. |
| 650 | 0 | 0 | |a Wheat |z Greece. |
| 650 | 0 | 0 | |a Crops and climate. |
| 650 | 0 | 0 | |a Dissertations, Academic |z Greece. |
| 700 | 1 | |a Μάργαρης, Νίκος Σ., |d 1943-2013. |4 ths | |
| 700 | 1 | |a Κουτσίδου, Ευγενία. |4 ths | |
| 710 | 2 | |a Πανεπιστήμιο Αιγαίου |b Σχολή Περιβάλλοντος |b Τμήμα Περιβάλλοντος |b Πρόγραμμα Μεταπτυχιακών Σπουδών Γεωργία και Περιβάλλον. | |
| 852 | |a INST |b LESVOS |c DIATR |e 20050809 |h 39 |p 005100031350 |q 005100031350 |t MTXE |y 23 | ||
| 852 | |a INST |b LESVOS |c DIATR |e 20050809 |h 40 |p 005100031349 |q 005100031349 |t MTXE |y 23 | ||
| 856 | |u http://hdl.handle.net/11610/15260 | ||
| 901 | |a BIBL1-2005-2 | ||
| 909 | |a Λ |b 115630 | ||
| 909 | |a Λ |b 115631 | ||
| 924 | |a ΑΝΤΩΝΙΟΥ |b ΘΕΟΔΩΡΑ |y ΛΕΣΒΟΣ |z 2005-01 | ||
| 970 | |a ΜΑΡΙΝΑΤΟΥ |b ΜΥΡΣΙΝΗ |z 2005/08/09 | ||